|
|
|
|
| LEADER |
01486nam a2200373 a 4500 |
| 001 |
EBC3415212 |
| 003 |
MiAaPQ |
| 005 |
20200520144314.0 |
| 006 |
m o d | |
| 007 |
cr cn||||||||| |
| 008 |
130502s2009 ne ad sb 001 0 eng d |
| 020 |
|
|
|z 9789086861088
|
| 020 |
|
|
|z 9789086866779 (e-book)
|
| 035 |
|
|
|a (MiAaPQ)EBC3415212
|
| 035 |
|
|
|a (Au-PeEL)EBL3415212
|
| 035 |
|
|
|a (CaPaEBR)ebr10688342
|
| 035 |
|
|
|a (OCoLC)923505591
|
| 040 |
|
|
|a MiAaPQ
|c MiAaPQ
|d MiAaPQ
|
| 050 |
|
4 |
|a QK898.P4
|b P43 2009
|
| 082 |
0 |
4 |
|a 572.5662
|2 23
|
| 245 |
0 |
0 |
|a Pectins and pectinases
|h [electronic resource] /
|c edited by H.A. Schols, R.G.F. Visser and A.G.J. Voragen.
|
| 260 |
|
|
|a Wageningen :
|b Wageningen Academic Publishers,
|c 2009.
|
| 300 |
|
|
|a 331 p. :
|b ill.
|
| 504 |
|
|
|a Includes bibliographical references and index.
|
| 505 |
0 |
|
|a pt. 1. Structure of pectins -- pt. 2. Pectinases -- pt. 3. Pectins in plant cell walls -- pt. 4. Functionality and applications of pectins -- pt. 5. Health aspects of pectins.
|
| 533 |
|
|
|a Electronic reproduction. Ann Arbor, MI : ProQuest, 2015. Available via World Wide Web. Access may be limited to ProQuest affiliated libraries.
|
| 650 |
|
0 |
|a Pectin.
|
| 650 |
|
0 |
|a Polygalacturonase.
|
| 655 |
|
4 |
|a Electronic books.
|
| 700 |
1 |
|
|a Schols, H. A.
|
| 700 |
1 |
|
|a Visser, R. G. F.
|
| 700 |
1 |
|
|a Voragen, A. G. J.
|
| 710 |
2 |
|
|a ProQuest (Firm)
|
| 856 |
4 |
0 |
|u https://ebookcentral.proquest.com/lib/matrademy/detail.action?docID=3415212
|z Click to View
|